Rélation authentique de acee qui s'est passé entre las armeés des états belgiques unos et autrichiennes, le 23 mai 1790 et jours suivans

Detalles Bibliográficos
Formato: Libro
Lenguaje:Undetermined
French
Publicado: a Bruxelles : chez P.J. de Haes, 1790.
Materias:
Colección:Banco de datos
Acervo:Biblioteca Palafoxiana. Colección bibliográfica
Descripción Física:14 p. ; 4°
Tema general:Historia civil
Notas:Número de localización: 31919-O
LEADER 00613nam a2200169Ia 4500
008 150723s9999 xx 000 0 und d
041 0 |a fre 
050 0 |a PAFX D20 T7 
245 1 0 |a Rélation authentique de acee qui s'est passé entre las armeés des états belgiques unos et autrichiennes, le 23 mai 1790 et jours suivans 
260 |a a Bruxelles : chez P.J. de Haes, 1790. 
300 |a 14 p. ; 4° 
500 |a Número de localización: 31919-O 
501 |a Encuadernado con 24 obras 
650 1 0 |a Historia civil 
942 |c PALALIB 
943 |g Biblioteca Palafoxiana. Colección bibliográfica 
999 |c 1064014  |d 1064014